| 000 | 01366nam a22002417a 4500 | ||
|---|---|---|---|
| 999 |
_c59510 _d59510 |
||
| 003 | Ge_BSU | ||
| 005 | 20230306130239.0 | ||
| 008 | 230306s1999 ge ||||| |||| 00| 0 geo d | ||
| 020 | _a9992834420 | ||
| 041 | _ageo | ||
| 080 | _a351.72 : 347.73(4) მ-54 | ||
| 100 |
_aმელქაძე, ოთარ _917110 |
||
| 245 |
_aსაფინანსო კონტროლი ევროპულ ქვეყნებში / _c ოთარ მელქაძე ; [მსოფლიო პარლამენტარიზმის კვლევითი ცენტრი]. |
||
| 264 |
_aთბილისი : _bმერანი-3, _c1999. |
||
| 300 |
_a96 გვ. ; _b20 სმ. |
||
| 490 |
_aპოლიტიკურ-სამართლებრივი ლიტერატურის სერია ; _vწ. 10 |
||
| 653 | _aსახელმწიფო ფინანსები | ||
| 653 | _aსაფინანსო კონტროლი ევროპის ქვეყნებში | ||
| 653 | _aსაფინანსო სამართალი | ||
| 653 | _aსაქართველოს კონტროლის პალატა | ||
| 710 |
_aმსოფლიო პარლამენტარიზმის კვლევითი ცენტრი _92952 |
||
| 942 |
_2udc _cBK |
||